Ordenanzas para el régimen y gobierno del Monte-Pío bajo el título de la Santa Vera-Cruz, establecida en la Iglesia parroquial de San Francisco de Paula de la presente ciudad
Descripción Física:
15 p. ; 22 cm
Materias:
Montepío de la Santa Vera-Cruz -- Regles
MARC
| LEADER | 00000nam a2200000Ia 4500 | ||
|---|---|---|---|
| 001 | 17975 | ||
| 008 | 160829s1857 xx 000 0 cat d | ||
| 080 | |a RF-2-25 | ||
| 100 | |a Montepío de la Santa Vera-Cruz |9 46633 | ||
| 245 | |a Ordenanzas para el régimen y gobierno del Monte-Pío bajo el título de la Santa Vera-Cruz, establecida en la Iglesia parroquial de San Francisco de Paula de la presente ciudad | ||
| 260 | |a Barcelona : |b Imprenta de Vicente Magriñá, |c 1857 | ||
| 300 | |a 15 p. ; |c 22 cm | ||
| 590 | |a Prové de 808, exp. 3-1 | ||
| 650 | |a Montepío de la Santa Vera-Cruz |x Regles |9 46634 | ||
| 856 | 4 | |u https://media.diba.cat/diba/fitxers/arxiu/fulletons/bib_17975_1857_baixa.pdf |y Accés lliure | |
| 856 | 4 | |u https://media.diba.cat/diba/fitxers/arxiu/fulletons/bib_17975_1857_baixa.pdf |y Accés lliure | |
| 901 | |a Arxiu | ||
| 942 | |n 1 |2 udc | ||
| 952 | |0 0 |1 0 |4 0 |6 RF225 |7 1 |9 53343 |a Arxiu |b Arxiu |d 2016-12-01 |l 0 |o RF-2-25 |p 17975 |r 2016-12-01 00:00:00 |w 2016-12-01 |y ARXIU | ||
| 999 | |c 57208 |d 57208 | ||
| 900 | |a bib_17975_1857_baixa.pdf | ||